Исследование смачиваемости трековых мембран из ПЭТФ после модификации низкотемпературной атмосферной плазмой; Перспективы развития фундаментальных наук; Т. 1 : Физика

التفاصيل البيبلوغرافية
Parent link:Перспективы развития фундаментальных наук=Prospects of Fundamental Sciences Development: сборник научных трудов XIII Международной конференции студентов, аспирантов и молодых ученых, г. Томск, 26-29 апреля 2016 г./ Национальный исследовательский Томский политехнический университет (ТПУ) ; под ред. И. А. Курзиной, Г. А. Вороновой.— , 2016
Т. 1 : Физика.— 2016.— [С. 295-297]
المؤلف الرئيسي: Филиппова Е. О. Екатерина Олеговна
مؤلف مشترك: Национальный исследовательский Томский политехнический университет (ТПУ) Физико-технический институт (ФТИ) Кафедра экспериментальной физики (ЭФ)
مؤلفون آخرون: Пичугин В. Ф. Владимир Федорович (научный руководитель)
الملخص:Заглавие с титульного экрана
The research work illustrated the results of track membrane surface changes after plasma modification.The results showed that plasma treatment of membrane surface increased polar groups whereupon the contact angle decreased.
اللغة:الروسية
منشور في: 2016
الموضوعات:
الوصول للمادة أونلاين:http://earchive.tpu.ru/handle/11683/25837
التنسيق: الكتروني فصل الكتاب
KOHA link:https://koha.lib.tpu.ru/cgi-bin/koha/opac-detail.pl?biblionumber=618146

MARC

LEADER 00000naa2a2200000 4500
001 618146
005 20240113064945.0
035 |a (RuTPU)RU\TPU\conf\16527 
035 |a RU\TPU\conf\16526 
090 |a 618146 
100 |a 20160524d2016 k y0rusy50 ca 
101 0 |a rus 
102 |a RU 
105 |a y z 101zy 
135 |a drcn ---uucaa 
181 0 |a i  
182 0 |a b 
200 1 |a Исследование смачиваемости трековых мембран из ПЭТФ после модификации низкотемпературной атмосферной плазмой  |d Study of pet track membranes wetting properties after modification by low temperature atmospheric plasma  |f Е. О. Филиппова  |g науч. рук. В. Ф. Пичугин 
203 |a Текст  |c электронный 
300 |a Заглавие с титульного экрана 
320 |a [Библиогр.: с. 297 (7 назв.)] 
330 |a The research work illustrated the results of track membrane surface changes after plasma modification.The results showed that plasma treatment of membrane surface increased polar groups whereupon the contact angle decreased. 
461 1 |0 (RuTPU)RU\TPU\conf\16353  |t Перспективы развития фундаментальных наук  |l Prospects of Fundamental Sciences Development  |o сборник научных трудов XIII Международной конференции студентов, аспирантов и молодых ученых, г. Томск, 26-29 апреля 2016 г.   |o в 7 т.  |f Национальный исследовательский Томский политехнический университет (ТПУ) ; под ред. И. А. Курзиной, Г. А. Вороновой  |d 2016 
463 0 |0 (RuTPU)RU\TPU\conf\16354  |t Т. 1 : Физика  |v [С. 295-297]  |d 2016 
510 1 |a Study of pet track membranes wetting properties after modification by low temperature atmospheric plasma  |z eng 
610 1 |a труды учёных ТПУ 
610 1 |a электронный ресурс 
610 1 |a трековые мембраны 
610 1 |a полиэтилентерефталат 
610 1 |a гидрофильность 
610 1 |a атмосферная плазма 
610 1 |a полимерные пленки 
700 1 |a Филиппова  |b Е. О.  |c физик  |c профессор Томского политехнического университета, доктор технических наук  |f 1988-  |g Екатерина Олеговна  |y Томск  |3 (RuTPU)RU\TPU\pers\37037  |9 20052 
702 1 |a Пичугин  |b В. Ф.  |c российский физик  |c профессор Томского политехнического университета, доктор физико-математических наук  |f 1944-  |g Владимир Федорович  |4 727 
712 0 2 |a Национальный исследовательский Томский политехнический университет (ТПУ)  |b Физико-технический институт (ФТИ)  |b Кафедра экспериментальной физики (ЭФ)  |3 (RuTPU)RU\TPU\col\21255 
801 2 |a RU  |b 63413507  |c 20160809  |g RCR 
856 4 |u http://earchive.tpu.ru/handle/11683/25837 
942 |c BK